000 00701cam a22002415a 4500
001 000126070
003 AR-RoIUNI
005 20251110154505.0
007 ta
008 050614s1995 ag fr 001 0 spa
020 _a9501220842
040 _aAR-BaBN
_cIUNIR
044 _aag
_car-c
080 1 _a001.814 (035) ACO
100 1 _aAcosta Hoyos, Luis Eduardo
_9509
245 1 0 _aGuía práctica para la investigación y redacción de informes. /
_cLuis Eduardo Acosta Hoyos
250 _a1a. ed.
260 _aBuenos Aires :
_bPaidós,
_c1995.
300 _a172 p. ;
_c20 cm.
650 1 0 _aMetodología de la Investigación
_9485
650 1 0 _aInvestigación Científica
_9484
942 _2cdu
_cBK
999 _c4211
_d4211